000
00198 a2200097 4500
001
897
100
_a
Terman,F.E
245
_a
Fundamentals of radio
260
_a
_b
Mcgrawhill
_c
090
_c
487
_d
487
942
_a
NUST-CAE
_c
M
_c
31233
999
_c
235970
_d
235970